| 000 | 00741nam a2200229Ia 4500 | ||
|---|---|---|---|
| 001 | 1846 | ||
| 003 | GE_BSU | ||
| 008 | 181216s||||||||xx |||||||||||||| ||und|| | ||
| 020 | _a9485482015223 | ||
| 040 | _cGE_BSU | ||
| 080 | _a342(1-87)(075.8) | ||
| 100 | _aАвтономов, А.С. | ||
| 245 | _aКонституционное (Государственное) право зарубежных стран.. | ||
| 245 | _bУчебнтк для студентов | ||
| 260 | _aМосква | ||
| 260 | _bПроспект | ||
| 260 | _c2007 | ||
| 300 | _a560 с. 21 см. | ||
| 541 | _h20 л. | ||
| 653 | _aКонституционное (государственное) право зарубежных стран. | ||
| 942 | _cBK | ||
| 999 |
_c35947 _d35947 |
||